American system of government. (Record no. 57456)

MARC details
000 -LEADER
fixed length control field 00620cam a22002291 4500
001 - CONTROL NUMBER
control field sa 64002681
003 - CONTROL NUMBER IDENTIFIER
control field DLC
005 - DATE AND TIME OF LATEST TRANSACTION
control field 20260227112011.0
008 - FIXED-LENGTH DATA ELEMENTS--GENERAL INFORMATION
fixed length control field 870817s1963 pk b 000 0 eng
010 ## - LIBRARY OF CONGRESS CONTROL NUMBER
LC control number sa 64002681
025 ## - OVERSEAS ACQUISITION NUMBER
Overseas acquisition number PL480:P-E-407
035 ## - SYSTEM CONTROL NUMBER
System control number (OCoLC)16500692
040 ## - CATALOGING SOURCE
Original cataloging agency DLC
Transcribing agency WaU
Modifying agency WaU
-- DLC
042 ## - AUTHENTICATION CODE
Authentication code premarc
050 00 - LIBRARY OF CONGRESS CALL NUMBER
Classification number JK31
Item number .Z3
100 1# - MAIN ENTRY--PERSONAL NAME
Personal name Zakaria, Nasim.
245 10 - TITLE STATEMENT
Title American system of government.
260 ## - PUBLICATION, DISTRIBUTION, ETC.
Place of publication, distribution, etc. Lahore,
Name of publisher, distributor, etc. Premier Book House
Date of publication, distribution, etc. [1963]
300 ## - PHYSICAL DESCRIPTION
Extent iv, 209 p.
Dimensions 20 cm.
504 ## - BIBLIOGRAPHY, ETC. NOTE
Bibliography, etc. note Bibliography: p. [199]-201.
651 #0 - SUBJECT ADDED ENTRY--GEOGRAPHIC NAME
Geographic name United States
General subdivision Politics and government.

No items available.

Powered by Koha